Analýza a identifikácia potrieb rozvoja ľudských zdrojov v NASES diplomová práca

Guardado en:
Detalles Bibliográficos
Autor principal: Spustová, Petra
Autor Corporativo: Národohospodárska fakulta EU. Katedra sociálneho rozvoja a práce
Otros Autores: Pechová, Michaela, 1977-
Formato: Libro
Lenguaje:eslovaco
Publicado: Bratislava 2018
Etiquetas: Agregar Etiqueta
Sin Etiquetas, Sea el primero en etiquetar este registro!

MARC

LEADER 00000nbm a2200000 4500
001 0244213
005 20181127081416.6
041 0 |a slo 
044 |a SK 
245 1 0 |a Analýza a identifikácia potrieb rozvoja ľudských zdrojov v NASES  |b diplomová práca  |c Petra Spustová ; školiteľ: Michaela Nováková 
264 1 |a Bratislava  |c 2018 
300 |a 68 s. 
100 1 |a Spustová, Petra 
700 1 |a Pechová, Michaela, 1977- 
710 2 |a Národohospodárska fakulta EU. Katedra sociálneho rozvoja a práce